00637nam a2200181Ia 4500003000900000008004100009040001300050040001300063041000800076100002400084245002700108250001200135260001400147260000900161300001200170490000600182600026700188IT-RoPAU120407s9999 xx 000 0 und d aIT-RoPAU cIT-RoPAU aita aSofia Vanni Rovighi aElementi di filosofia. aBrescia aLa Scuola c1962 c21,5 cm v1 a"1° v. Introduzione, Logica, Teoria della conoscenza. 208 p. 2° v. Metafisica. 222 p. 3° v. La Natura e l’Uomo (Cosmologia, Psicologia ed Etica). 278 p."